Normal view
MARC view
Entry Personal Name
001 - CONTROL NUMBER
- control field: 764766
003 - CONTROL NUMBER IDENTIFIER
- control field: OSt
005 - DATE AND TIME OF LATEST TRANSACTION
- control field: 20250508153950.0
008 - FIXED-LENGTH DATA ELEMENTS
- fixed length control field: 250508|| aca||aabn | a|a d
040 ## - CATALOGING SOURCE
- Original cataloging agency: OSt
- Transcribing agency: OSt
100 ## - HEADING--PERSONAL NAME
- Personal name: Land William G Martorana S V
670 ## - SOURCE DATA FOUND
- Source citation: Work cat.: (OSt)1346668: Hollis Ernest V, Survey of state legislation relating to higher education July 1, 1958, to December 31, 1959, 1960
